[Event "Montreal Saturday op 10"]
[Site "Montreal"]
[Date "2009.10.14"]
[Round "2"]
[White "Khudaverdian, Berj"]
[Black "Brichko, Michael"]
[Result "1-0"]
[WhiteElo "1761"]
[BlackElo "1748"]
[PlyCount "71"]
[EventDate "2009.10.07"]
[EventType "tourn"]
[EventRounds "5"]
[EventCountry "CAN"]
[SourceTitle "EXT 2011"]
[Source "ChessBase"]
[SourceDate "2010.11.26"]
[SourceVersion "1"]
[SourceVersionDate "2010.11.26"]
[SourceQuality "1"]

1. e4 e6 2. d4 d5 3. e5 c5 4. c3 Nc6 5. Nf3 Qc7 6. Be2 Nge7 7. 0-0 Ng6 8. Be3 Be7 9. a4 b6 10. Na3 a6 11. Nc2 Bd7 12. Qd2 c4 13. Ra2 Na5 14. Na1 0-0 15. Qc2 Rfc8 16. Rc1 b5 17. b4 Nb7 18. a5 f6 19. h4 fxe5 20. dxe5 Nxe5 21. Ng5 Bxg5 22. hxg5 Ng6 23. Qd2 Nd6 24. Bb6 Qb8 25. Bf3 Nf5 26. Bxd5 exd5 27. Qxd5+ Kh8 28. Qxd7 Qf4 29. Qd2 Qxd2 30. Rxd2 Re8 31. Rcd1 Nf4 32. Kf1 Nd3 33. Rxd3 cxd3 34. Rxd3 Re6 35. Nb3 Rae8 36. g3 1-0

[Event "Montreal Saturday op 09"]
[Site "Montreal"]
[Date "2009.09.09"]
[Round "2"]
[White "Brichko, Michael"]
[Black "Dumont, Felix"]
[Result "1/2-1/2"]
[WhiteElo "1757"]
[BlackElo "1806"]
[PlyCount "71"]
[EventDate "2009.09.02"]
[EventType "tourn"]
[EventRounds "5"]
[EventCountry "CAN"]
[SourceTitle "EXT 2011"]
[Source "ChessBase"]
[SourceDate "2010.11.26"]
[SourceVersion "1"]
[SourceVersionDate "2010.11.26"]
[SourceQuality "1"]

1. d4 Nf6 2. c4 g6 3. Nc3 Bg7 4. e4 d6 5. f3 0-0 6. Nge2 Nc6 7. Bg5 h6 8. Bh4 e5 9. d5 Ne7 10. Qd2 g5 11. Bf2 Ng6 12. g4 Bd7 13. Ng3 Nf4 14. 0-0-0 a6 15. Be2 b5 16. cxb5 axb5 17. Nf5 b4 18. Nb1 Rxa2 19. h4 Bxf5 20. gxf5 Nh7 21. hxg5 Nxg5 22. Bg3 Qa8 23. Bc4 Ra1 24. Rdf1 Rb8 25. f6 b3 26. Bd3 Bxf6 27. Rxh6 Nxf3 28. Rxf3 Nxd3+ 29. Qxd3 Bg5+ 30. Bf4 Bxf4+ 31. Rxf4 exf4 32. Qc3 f6 33. Rxf6 Rxb1+ 34. Kxb1 Qa2+ 35. Kc1 Qa1+ 36. Kd2 1/2-1/2

[Event "CAN-ch U10"]
[Site "Quebec"]
[Date "2008.07.16"]
[Round "7"]
[White "McCleary, Reuben"]
[Black "Brichko, Michael"]
[Result "0-1"]
[WhiteElo "1341"]
[BlackElo "1541"]
[PlyCount "108"]
[EventDate "2008.07.14"]
[EventType "swiss"]
[EventRounds "7"]
[EventCountry "CAN"]
[SourceTitle "EXT 2011"]
[Source "ChessBase"]
[SourceDate "2010.11.26"]
[SourceVersion "1"]
[SourceVersionDate "2010.11.26"]
[SourceQuality "1"]

1. e4 c5 2. c3 d5 3. exd5 Qxd5 4. d4 cxd4 5. cxd4 Nc6 6. Nf3 Nf6 7. Nc3 Qd8 8. Bb5 e6 9. Bg5 Be7 10. Ne5 Bd7 11. 0-0 0-0 12. Re1 a6 13. Ba4 b5 14. Bc2 h6 15. Bf4 Bb4 16. a3 Bxc3 17. bxc3 Nxe5 18. Bxe5 Rc8 19. Qd3 g6 20. Qf3 Nd5 21. Qg4 Qg5 22. Qxg5 hxg5 23. Bd6 Rfd8 24. Re5 f6 25. Re2 Nxc3 26. Ree1 Kg7 27. Bb3 Rc6 28. Bb4 Bc8 29. Bxc3 Rxc3 30. Bxe6 Rxd4 31. Bxc8 Rxc8 32. Re7+ Kh6 33. Rae1 Rcd8 34. h3 Rd1 35. Rxd1 Rxd1+ 36. Kh2 Ra1 37. Re6 Rxa3 38. Rxf6 b4 39. Rb6 b3 40. g3 a5 41. h4 gxh4 42. gxh4 a4 43. Rb4 Ra2 44. Kg3 b2 45. f4 a3 46. f5 gxf5 47. Rb6+ Kh5 48. Rb5 Ra1 49. Rxf5+ Kg6 50. h5+ Kxf5 51. h6 Kg6 52. h7 Kxh7 53. Kf4 Rf1+ 54. Ke3 b1Q 0-1